Southville International School and Colleges
Your cart is empty.
  • Cart
  • Lists
    Public lists Eva Luna New books Lux_list list_1
    Your lists Log in to create your own lists
  • Log in to your account
  • Your cookies
  • Search history
Southville International School and Colleges
  • Advanced search
  • Recent comments
  • Most popular
  • Libraries

Log in to your account

Log in with GOOGLE


If you do not have an external account, but do have a local account, you can still log in:

  1. Home
  2. MARC view: Applied psychology in human resource management /
Normal view MARC view ISBD view

Applied psychology in human resource management / (Record no. 24477)

[ view plain ]
MARC details
000 -LEADER
fixed length control field 00910nam a2200265 a 4500
003 - CONTROL NUMBER IDENTIFIER
control field SISC
005 - DATE AND TIME OF LATEST TRANSACTION
control field 20170302100557.0
008 - FIXED-LENGTH DATA ELEMENTS--GENERAL INFORMATION
fixed length control field 111018s19uu xx 00 eng d
010 ## - LIBRARY OF CONGRESS CONTROL NUMBER
LC control number 2009043551
020 ## - INTERNATIONAL STANDARD BOOK NUMBER
International Standard Book Number 9780135125663
050 ## - LIBRARY OF CONGRESS CALL NUMBER
Classification number HF 5549
Item number .C297 2011
100 ## - MAIN ENTRY--PERSONAL NAME
Personal name Cascio, Wayne F.
245 ## - TITLE STATEMENT
Title Applied psychology in human resource management /
Statement of responsibility, etc Wayne F. Cascio, Herman Aguinis.
250 ## - EDITION STATEMENT
Edition statement 7th edition.
260 ## - PUBLICATION, DISTRIBUTION, ETC. (IMPRINT)
Place of publication, distribution, etc Upper Saddle River, NJ :
Name of publisher, distributor, etc Prentice Hall,
Date of publication, distribution, etc 2011.
300 ## - PHYSICAL DESCRIPTION
Extent xx, 531 pages :
Other physical details illustrations ;
Dimensions 26 cm.
500 ## - GENERAL NOTE
General note Includes bibliographical references (p. 464-516) and indexes.
650 ## - SUBJECT ADDED ENTRY--TOPICAL TERM
Topical term or geographic name as entry element Personnel management
General subdivision Psychological aspects.
650 ## - SUBJECT ADDED ENTRY--TOPICAL TERM
Topical term or geographic name as entry element Psychology, Industrial.
650 ## - SUBJECT ADDED ENTRY--TOPICAL TERM
Topical term or geographic name as entry element Personnel management
Geographic subdivision United States.
650 ## - SUBJECT ADDED ENTRY--TOPICAL TERM
Topical term or geographic name as entry element Psychology, Industrial
General subdivision United States.
700 ## - ADDED ENTRY--PERSONAL NAME
Personal name Aguinis, Herman.
Relator code 1966-
942 ## - ADDED ENTRY ELEMENTS (KOHA)
Koha item type Books
Source of classification or shelving scheme Library of Congress Classification
Call number prefix Foreign
Holdings
Withdrawn status Lost status Source of classification or shelving scheme Damaged status Home library Current library Shelving location Date acquired Source of acquisition Cost, normal purchase price Total Checkouts Full call number Barcode Date last seen Copy number Price effective from Koha item type
    Library of Congress Classification   College Library College Library General Circulation Section 10/18/2011 Donation 13898.00   HF 5549 .C297 2011 C12492 05/15/2018 1 10/18/2013 Books

Applied psychology in human resource management /

APA

Cascio W. F., Aguinis H., . (2011). Applied psychology in human resource management. Upper Saddle River, NJ: Prentice Hall.

Chicago

Cascio Wayne F, Aguinis Herman, . 2011. Applied psychology in human resource management. Upper Saddle River, NJ: Prentice Hall.

Harvard

Cascio W. F., Aguinis H., . (2011). Applied psychology in human resource management. Upper Saddle River, NJ: Prentice Hall.

MLA

Cascio Wayne F, Aguinis Herman, . Applied psychology in human resource management. Upper Saddle River, NJ: Prentice Hall. 2011.

  • Place hold
  • Print
  • Cite
  • Add to your cart (remove)
  • Save record
    BIBTEX Dublin Core MARCXML MARC (non-Unicode/MARC-8) MARC (Unicode/UTF-8) MARC (Unicode/UTF-8, Standard) MODS (XML) RIS
  • More searches
    Search for this title in:
    Other Libraries (WorldCat) Other Databases (Google Scholar) Online Stores (Bookfinder.com) Open Library (openlibrary.org)

Exporting to Dublin Core...

SOUTHVILLE LIBRARY

Southville International School and Colleges Library

1281 Tropical Ave. Cor. Luxembourg St., BF Homes International, Las Pinas City

Tel. No. 8256374 / 252358 Loc. 117/146

Powered by Koha